LEADER 01695nam 2200385Ia 450 001 996391288303316 005 20210104171912.0 035 $a(CKB)4940000000098276 035 $a(EEBO)2240928290 035 $a(OCoLC)ocn953793236e 035 $a(OCoLC)953793236 035 $a(EXLCZ)994940000000098276 100 $a20160720d1615 uy 0 101 0 $aeng 135 $aurbn||||a|bb| 200 10$aBy the King$b[electronic resource] $ea proclamation extending a former proclamation for the restraint of shipping any commoditie in strangers bottomes, either into this kingdome, or out of the same, vnto the speciall case of wines of the growth of France, to be imported into this kingdome, either by subiects or stranger, according to a statute in that case prouided 210 $aImprinted at London $cBy Robert Barker, printer to the Kings Most Excellent Maiestie$dMDCXV. [1615] 215 $a1 sheet ([1] p.) 300 $aCaption title. 300 $aThe "former proclamation" is that of 17 April 1615 (STC 8516). 300 $aReproduction of original in: Great Britain. Public Record Office. 330 $aeebo-0214 606 $aForeign trade regulation$zEngland$vEarly works to 1800 606 $aWine and wine making$xTransportation$zGreat Britain$vEarly works to 1800 607 $aGreat Britain$xCommerce$zFrance$vEarly works to 1800 615 0$aForeign trade regulation 615 0$aWine and wine making$xTransportation 701 $aJames$cKing of England,$f1566-1625.$01001019 702 $aBarker$b Robert$f-1645, 801 0$bUMI 801 1$bUMI 906 $aBOOK 912 $a996391288303316 996 $aBy the King$92299281 997 $aUNISA LEADER 02103nam 2200457 450 001 9910827242303321 005 20230809223322.0 010 $a0-309-45476-X 010 $a0-309-45474-3 035 $a(CKB)3710000001118387 035 $a(MiAaPQ)EBC4825047 035 $a(EXLCZ)993710000001118387 100 $a20170331h20172017 uy 0 101 0 $aeng 135 $aurcnu|||||||| 181 $2rdacontent 182 $2rdamedia 183 $2rdacarrier 200 10$aHealth insurance and insights from health literacy $ehelping consumers understand : proceedings of a workshop /$fJoe Alper, rapporteur ; Roundtable on Health Literacy, Board on Population Health and Public Health Practice, Health and Medicine Division, the National Academies of Sciences, Engineering, Medicine 210 1$aWashington, District of Columbia :$cNational Academies Press,$d2017. 210 4$dİ2017 215 $a1 online resource (129 pages) $cillustrations (some color), maps 311 $a0-309-45473-5 320 $aIncludes bibliographical references. 327 $aIntroduction -- Lessons from 3 years of experience -- Challenges faced in helping the uninsured get and use health insurance -- Solutions -- Successful efforts to address challenges -- Moderated panel discussion to review lessons from the day -- Reflections on the day -- References -- Appendix A: Workshop agenda -- Appendix B: Biographical sketches of workshop speakers, moderators, and reactors. 606 $aHealth insurance$zUnited States$vCongresses 606 $aHealth literacy$zUnited States$vCongresses 607 $aUnited States$2fast 615 0$aHealth insurance 615 0$aHealth literacy 676 $a368.4200973 700 $aAlper$b Joe$01103652 702 $aAlper$b Joe 712 02$aNational Academies of Sciences, Engineering, and Medicine (U.S.).$bRoundtable on Health Literacy, 801 0$bMiAaPQ 801 1$bMiAaPQ 801 2$bMiAaPQ 906 $aBOOK 912 $a9910827242303321 996 $aHealth insurance and insights from health literacy$94019744 997 $aUNINA